<The> age of oil <the> mythology, history, and future of the world's most controversial resource

Salvato in:
Dettagli Bibliografici
Autore principale: Maugeri, Leonardo
Natura: Libro
Lingua:inglese
Pubblicazione: Guilford <The> Lyons Press 2008
Soggetti:
Tags: Aggiungi Tag
Nessun Tag, puoi essere il primo ad aggiungerne!!

MARC

LEADER 00000nam$a2200000$$$4500
001 0106031
005 20240306135530.6
020 |a 978-1-59921-118-3 
041 0 |a eng 
044 |a US 
245 1 0 |a <The> age of oil  |b <the> mythology, history, and future of the world's most controversial resource  |c Leonardo Maugeri 
264 1 |a Guilford  |b <The> Lyons Press  |c 2008 
300 |a 354 s. 
610 2 0 |a nafta 
610 2 0 |a ropa 
610 2 0 |a priemysel 
610 2 0 |a ťažba surovín 
610 2 0 |a história 
610 2 0 |a vojny 
610 2 0 |a konflikty 
610 2 0 |a obchod 
610 2 0 |a zdroje palivovo-energetické 
610 2 0 |a rezervy 
610 2 0 |a produkcia 
610 2 0 |a kvalita 
610 2 0 |a spotreba 
610 2 0 |a organizácie medzinárodné 
610 2 0 |a organizácie obchodné 
610 2 0 |a prognózy 
100 1 |a Maugeri, Leonardo